000 00493nam a2200169Ia 4500
005 20250508160019.0
008 008 250505s9999 xx 000 0 eng d
037 _aBooks to be hide in OPAC
040 _aFEDL
_beng
_cFEDL
041 _aeng
_2eng
084 _a377.80942, GRE/O
_qFEDL
245 0 _aPrecedents of trust deeds
260 _aLondon, UK
_bHis Majestys Stationery Office
_c1902
300 _a71p.
942 _cHB
_h377.80942, GRE/O
999 _c1361025
_d1361025